Từ điển toán học và tin học Anh-Việt

Uloženo v:
Podrobná bibliografie
Médium: Neznámo
Jazyk:English
Vydáno: 2003
Témata:
Tagy: Přidat tag
Žádné tagy, Buďte první, kdo otaguje tento záznam!
Thư viện lưu trữ: Mạng thư viện Đại học Đà Nẵng
LEADER 00957ca a2200277 4500
001 000032392
003 8479
005 20151021000000.0
008 151002s2003 000 eng
041 |a eng 
082 |a 423  |b NG-B 
245 |a Từ điển toán học và tin học Anh-Việt  |c Nguyễn Văn Biển 
260 |c 2003 
650 |a Từ điển toán học và tin học Anh-Việt,Nguyễn Văn Biển, toán học, tin học 
852 |b Chuyên đề  |c Từ điền 1 
OWN |a LNN 
AVA |a UDN50  |b LNN  |d 423 NG-B  |e available  |t Error 5001 Not defined in file expand_doc_bib_avail.  |f 2  |g 0  |h N  |i 0 
999 |a From the UDN01 
AVA |a UDN50  |b LNN  |d 423 NG-B  |e available  |t Error 5001 Not defined in file expand_doc_bib_avail.  |f 2  |g 0  |h N  |i 0 
980 |a Mạng thư viện Đại học Đà Nẵng